Pravicový extremismus a nestabilita na politické scéně západní Evropy.

Nestabilita na politickej scéne strednej a východnej Európy, ale čoraz viac aj západnej Európy, ktorá bola doteraz považovaná za záštitu stability v Európe. Nástup nacionalizmu, rasizmu a dezintegrácie. Oživenie pravicového extrémizmu v záp. Európe na začiatku 90. rokov. Výsledky volieb v niektorých...

Descrizione completa

Salvato in:
Dettagli Bibliografici
Autore principale: Klíma, M.
Natura: Capitolo di libro
Lingua:ceco
Soggetti:
Tags: Aggiungi Tag
Nessun Tag, puoi essere il primo ad aggiungerne!!

MARC

LEADER 00000naa a2200000 4500
001 r012939
005 20221205080102.7
041 0 |a cze 
044 |a CZ 
245 1 0 |a Pravicový extremismus a nestabilita na politické scéně západní Evropy.  |c M. Klíma 
520 |a Nestabilita na politickej scéne strednej a východnej Európy, ale čoraz viac aj západnej Európy, ktorá bola doteraz považovaná za záštitu stability v Európe. Nástup nacionalizmu, rasizmu a dezintegrácie. Oživenie pravicového extrémizmu v záp. Európe na začiatku 90. rokov. Výsledky volieb v niektorých západoeurópskych krajinách - odmietnutie tradičných strán a nástup nekonvenčných strán a následné oživenie krajne pravicových strán. 
610 2 0 |a politika vnútorná 
610 2 0 |a západná Európa 
610 2 0 |a nacionalizmus 
610 2 0 |a strany politické 
610 2 0 |a diskriminácia rasová 
100 1 |a Klíma, M.